[Event "San Severino Marche 12th"]
[Site "San Severino Marche"]
[Date "2010.09.05"]
[Round "5"]
[White "Mazzarini, Daniele"]
[Black "Luzi, Alessandro"]
[Result "1/2-1/2"]
[WhiteElo "1811"]
[BlackElo "1909"]
[PlyCount "44"]
[EventDate "2010.09.03"]
[EventType "swiss"]
[EventRounds "5"]
[EventCountry "ITA"]
[SourceTitle "EXT 2024"]
[Source "ChessBase"]
[SourceDate "2023.10.10"]
[SourceVersion "1"]
[SourceVersionDate "2023.10.10"]
[SourceQuality "1"]

1. d4 Nf6 2. c4 g6 3. Nc3 Bg7 4. g3 0-0 5. Bg2 d6 6. Nf3 Nbd7 7. 0-0 c5 8. Rb1 Rb8 9. e4 cxd4 10. Nxd4 Ne5 11. b3 Bd7 12. Nd5 Nc6 13. Nb5 a6 14. Nbc3 Nxd5 15. Nxd5 f5 16. Bb2 fxe4 17. Bxg7 Kxg7 18. Bxe4 Bf5 19. Bxf5 Rxf5 20. f4 e6 21. Nc3 Qb6+ 22. Kg2 Nd4 1/2-1/2

[Event "Alvise Zichichi mem 7th"]
[Site "Ladispoli"]
[Date "2009.09.26"]
[Round "5"]
[White "Elia, Alessio"]
[Black "Luzi, Alessandro"]
[Result "1/2-1/2"]
[WhiteElo "1850"]
[BlackElo "1917"]
[PlyCount "34"]
[EventDate "2009.09.19"]
[EventType "swiss"]
[EventRounds "8"]
[EventCountry "ITA"]
[SourceTitle "EXT 2012"]
[Source "ChessBase"]
[SourceDate "2011.11.24"]
[SourceVersion "1"]
[SourceVersionDate "2011.11.24"]
[SourceQuality "1"]

1. d4 Nf6 2. Nf3 g6 3. Bg5 Bg7 4. c3 0-0 5. Nbd2 d5 6. e3 c6 7. Bd3 Nbd7 8. e4 dxe4 9. Nxe4 Nxe4 10. Bxe4 Nf6 11. Bc2 Bg4 12. 0-0 Qd5 13. Bxf6 Bxf3 14. Qxf3 Qxf3 15. gxf3 Bxf6 16. Rfe1 e6 17. Re2 Bg5 1/2-1/2

[Event "Alvise Zichichi mem 7th"]
[Site "Ladispoli"]
[Date "2009.09.26"]
[Round "6"]
[White "Luzi, Alessandro"]
[Black "Attanasi, Salvatore"]
[Result "1/2-1/2"]
[WhiteElo "1917"]
[BlackElo "1822"]
[PlyCount "52"]
[EventDate "2009.09.19"]
[EventType "swiss"]
[EventRounds "8"]
[EventCountry "ITA"]
[SourceTitle "EXT 2012"]
[Source "ChessBase"]
[SourceDate "2011.11.24"]
[SourceVersion "1"]
[SourceVersionDate "2011.11.24"]
[SourceQuality "1"]

1. e4 e6 2. d4 d5 3. Nc3 Nf6 4. Bg5 Bb4 5. e5 h6 6. Bd2 Bxc3 7. bxc3 Ne4 8. Bd3 Nxd2 9. Qxd2 c5 10. Nf3 c4 11. Be2 Nc6 12. 0-0 b5 13. a4 bxa4 14. Rxa4 Rb8 15. Rfa1 0-0 16. h3 Qc7 17. Nh2 Bd7 18. Ng4 Kh7 19. f4 Rb7 20. Ne3 Rfb8 21. f5 Rb1+ 22. Kf2 exf5 23. Nxd5 Qd8 24. Qf4 Rxa1 25. Rxa1 Be6 26. Ne3 Rb2 1/2-1/2

[Event "Porto Sant Elpidio op-A 6th"]
[Site "Porto Sant Elpidio"]
[Date "2003.11.15"]
[Round "1"]
[White "Rinaudo, Andrea"]
[Black "Luzi, Alessandro"]
[Result "0-1"]
[WhiteElo "1933"]
[BlackElo "1759"]
[PlyCount "40"]
[EventDate "2003.11.15"]
[EventType "swiss"]
[EventRounds "6"]
[EventCountry "ITA"]
[SourceTitle "EXT 2024"]
[Source "ChessBase"]
[SourceDate "2023.10.10"]
[SourceVersion "1"]
[SourceVersionDate "2023.10.10"]
[SourceQuality "1"]

1. e4 e5 2. Nf3 Nc6 3. Nc3 Nf6 4. Bb5 d6 5. d4 exd4 6. Nxd4 Bd7 7. Nxc6 bxc6 8. Bc4 Be7 9. 0-0 0-0 10. f4 Bg4 11. Qd3 Be6 12. Bxe6 fxe6 13. e5 dxe5 14. fxe5 Bc5+ 15. Kh1 Qxd3 16. cxd3 Ng4 17. Rxf8+ Rxf8 18. g3 Rf2 19. Kg1 Nxe5 20. Ne4 Nf3+ 0-1